000
00258nam a22001097a 4500
082
_a
510
100
_a
Guider
_9
79384
245
_a
50 Practice Sets Reasoning
260
_a
Meerut
_b
Guider Competitive Group
_c
2020
650
_a
Reasoning
_9
207
942
_c
BK
999
_c
63015
_d
63015